Basic needs versus distributional weights in social cost - benefit analysis (Record no. 6784)

000 -LEADER
fixed length control field 00417pab a2200145 454500
008 - FIXED-LENGTH DATA ELEMENTS--GENERAL INFORMATION
fixed length control field 180718b1984 xxu||||| |||| 00| 0 eng d
100 ## - MAIN ENTRY--PERSONAL NAME
Personal name Harberger, Arnold C.
245 ## - TITLE STATEMENT
Title Basic needs versus distributional weights in social cost - benefit analysis
260 ## - PUBLICATION, DISTRIBUTION, ETC.
Date of publication, distribution, etc. 1984
300 ## - PHYSICAL DESCRIPTION
Extent 455-74
362 ## - DATES OF PUBLICATION AND/OR SEQUENTIAL DESIGNATION
Dates of publication and/or sequential designation Apr.
650 ## - SUBJECT ADDED ENTRY--TOPICAL TERM
Topical term or geographic name entry element Cost - Benefit Analysis
773 ## - HOST ITEM ENTRY
Main entry heading Economic Development and Cultural Change
909 ## -
-- 6784
Holdings
Withdrawn status Lost status Damaged status Not for loan Permanent Location Current Location Date acquired Serial Enumeration / chronology Barcode Date last seen Price effective from Koha item type
        Indian Institute of Public Administration Indian Institute of Public Administration 2018-07-19 Volume no: 32, Issue no: 3 AR6794 2018-07-19 2018-07-19 Articles

Powered by Koha